02341cas a2200529 a 450000100090000000300040000900500170001300800410003001000310007103500240010204000980012604200080022404300120023208200170024424500320026124600410029324600290033426000540036330000380041731000140045533600260046933700280049533800270052336200100055050000890056050000540064950000530070355001870075658800340094361000430097761000630102061000560108365000490113965000530118865000500124165000540129165000540134565000410139965100540144065100420149465500430153670000240157970000300160371000390163371000770167277600620174911145882OSt20230605134151.0781024u1942uuuucau x s0 0eng  a 51062615 zsn 85017406  a(OCoLC)ocm04316432  aDLCbengcCOAdNYGdOCLdNSTdDLCdNSTdCUVdOCLCQdDLCdOCLCFdOCLdOCLCAdOCLCQdOCLdOCLCO apcc an-us-ca04a328.794bWIL04aThe California Legislature.1 iAlso known as:aLegislative handbook30aCalifornia's Legislature a[Sacramento, Calif.] :bCalifornia Senate,c1942- avolumes :billustrations ;c21 cm aIrregular atextbtxt2rdacontent aunmediatedbn2rdamedia avolumebnc2rdacarrier0 a1942- aEditors: 1942-196<8>, Joseph Allan Beek, Secretary of the Senate; 1974-, R.W. Lyons. aSome issues have title: California's Legislature. aVols. are issued in revised and edited editions. aPublished by: 1942-1980, the State Senate, pursuant to Senate Resolution No. 129 of the 53rd Session; 1986-, Center for California Studies at California State University, Sacramento. aLatest issue consulted: 1980.10aCalifornia.bLegislaturevPeriodicals.10aCalifornia.bLegislaturexStudy and teachingvPeriodicals.17aCalifornia.bLegislature.2fast0(OCoLC)fst00530858 0aLegislative bodieszCaliforniavPeriodicals. 0aParliamentary practicezCaliforniavPeriodicals. 7aLegislative bodies.2fast0(OCoLC)fst00995690 7aParliamentary practice.2fast0(OCoLC)fst01053793 7aPolitics and government2fast0(OCoLC)fst01919741 7aEducation.2fast0(OCoLC)fst00902499 0aCaliforniaxPolitics and governmentvPeriodicals. 7aCalifornia.2fast0(OCoLC)fst01204928 7aPeriodicals.2fast0(OCoLC)fst014116411 aBeek, Joseph Allan.1 aLyons, R. W.q(Robert W.)1 aCalifornia.bLegislature.bSenate.2 aCalifornia State University, Sacramento.bCenter for California Studies.08iOnline version:tCalifornia Legislaturew(OCoLC)655782616